000 00897nam a22002177a 4500
005 20250908152002.0
010 _aB-762641-662 ENG-146792 BACEN25
020 _a9789363951198
_c395.00
035 _aB-762641-662
035 _a EN-130324
037 _bOm Book International
037 _bDBAD
_aDPL
082 _a230.2
100 _aShukla ,Lalitha Balasubramanian Jai
_984942
245 _aStree: The Women of the Ramayana /
_cLalitha Balasubramanian Jai Shukla /
260 _aNew Delhi
_bOm book international
_c2024
270 _a107, Ansari Road, Daryaganj
_bNew Delhi
_e110002
300 _a264p.
_c20cm(pbk)
942 _2ddc
_cEN
_h230.2
_mSHU
999 _c209317
_d209317